Blast effects on buildings / (رقم التسجيلة. 22019)
[ عرض عادي ]
| 000 -الفاتح | |
|---|---|
| حقل البيانات ثابتة الطول | 00909cam a2200289Ia 4500 |
| 001 - رقم الضبط | |
| رقم الضبط | 402275021 |
| 003 - محدد رقم الضبط | |
| رقم الضبط | OCoLC |
| 005 - وقت وتاريخ اخر تعامل مع التسجيلة | |
| رقم الضبط | 20150408114020.0 |
| 008 - عناصر البيانات ثابتة الطول - معلومات عامة | |
| حقل البيانات ثابتة الطول | 090617s2009 enka 001 0 eng d |
| 020 ## - الرقم الدولى المعيارى للكتب | |
| الرقم الدولى المعيارى للكتاب | 0727735217 |
| 020 ## - الرقم الدولى المعيارى للكتب | |
| الرقم الدولى المعيارى للكتاب | 9780727735218 |
| 035 ## - رقم ضبط النظام | |
| رقم ضبط النظام | (OCoLC)402275021 |
| 040 ## - مصدر الفهرسة | |
| وكالة الفهرسة الأصلية | YDXCP |
| وكالة النسخ | YDXCP |
| وكالة التعديل | BWK |
| -- | CUD |
| -- | UPM |
| 050 #4 - رقم طلب مكتبة الكونجرس | |
| رقم التصنيف | TH1097 |
| رقم المادة | .B53 2009 |
| 082 ## - رقم تصنيف ديوى العشرى | |
| رقم الطبعة | 21 |
| رقم التصنيف | 693.854 |
| 245 00 - بيان العنوان | |
| العنوان | Blast effects on buildings / |
| بيان المسئوليه,etc | edited by David Cormie, Geoff Mays and Peter Smith. |
| 260 ## - PUBLICATION, DISTRIBUTION, ETC. (IMPRINT) | |
| مكان الناشر او الموزع | London : |
| اسم الناشر او الموزع | Thomas Telford Ltd, |
| تاريخ النشر أو التوزيع | 2009. |
| 300 ## - الوصف المادى | |
| التعداد | xvii, 338 p. : |
| تفاصيل ماديه اخرى للوعاء | ill. ; |
| أبعاد الوعاء | 24 cm. |
| 504 ## - تبصرة ببليوجرافية | |
| تبصرة ببليوجرافية,الخ | Includes bibliographical references and index. |
| 650 #0 - المدخل الاضافى بالموضوع-مصطلح موضوعى | |
| مصطلح موضوعي أو اسم جغرافي كعنصر مدخل | Buildings |
| التقسيم الفرعي العام | Blast effects. |
| 9 (RLIN) | 12125 |
| 650 #0 - المدخل الاضافى بالموضوع-مصطلح موضوعى | |
| مصطلح موضوعي أو اسم جغرافي كعنصر مدخل | Structural dynamics. |
| 9 (RLIN) | 11810 |
| 650 #0 - المدخل الاضافى بالموضوع-مصطلح موضوعى | |
| مصطلح موضوعي أو اسم جغرافي كعنصر مدخل | Structural design. |
| 9 (RLIN) | 12003 |
| 700 1# - المدخل الاضافى - اسم شخصى | |
| الإسم الشخصى | Cormie, David. |
| 9 (RLIN) | 12126 |
| 700 1# - المدخل الاضافى - اسم شخصى | |
| الإسم الشخصى | Mays, Geoffrey. |
| 9 (RLIN) | 12127 |
| 700 1# - المدخل الاضافى - اسم شخصى | |
| الإسم الشخصى | Smith, Peter. |
| 9 (RLIN) | 4437 |
| 942 ## - عناصر المدخل الإضافي( كوها) | |
| مصدر التصنيف او مخطط الترفيف | Dewey Decimal Classification |
| Koha [default] item type | كتاب |
| حالة الفقد | نموذج السعر الفعال | حالة تلف | ليس للاعارة | رقم الطلب | تاريخ الاكتساب | الموقع الحالي | الباركود | الفرع الرئيسي | Date last seen | نوع المادة فى نظام كوها | مصدر التصنيف او خطة الترفيف | Total Checkouts |
|---|---|---|---|---|---|---|---|---|---|---|---|---|
| 2013-03-10 | 693.854 B L E | 2012-04-28 | المكتبة المركزية بالمجمعة (CL) | 00085903 | المكتبة المركزية بالمجمعة (CL) | 2013-03-10 | كتاب | Dewey Decimal Classification | ||||
| 2013-03-10 | 693.854 B L E | 2012-04-28 | المكتبة المركزية بالمجمعة (CL) | 00085904 | المكتبة المركزية بالمجمعة (CL) | 2013-03-10 | كتاب | Dewey Decimal Classification | ||||
| 2013-03-10 | 693.854 B L E | 2012-04-28 | المكتبة المركزية بالمجمعة (CL) | 00085905 | المكتبة المركزية بالمجمعة (CL) | 2013-03-10 | كتاب | Dewey Decimal Classification |
